Boys' Names in Top 1000-E (2023) - Statistics

General Stats
  • This quiz has been taken 312 times
  • The average score is 27 of 54
Answer Stats
Answer % Correct
Eli
92%
Edward
91%
Eithan
87%
Elijah
87%
Ethan
87%
Eric
82%
Erick
82%
Erik
82%
Evan
82%
Eddie
81%
Elliot
74%
Elliott
74%
Ellis
70%
Emmett
70%
Emmitt
70%
Elias
69%
Edwin
67%
Ezra
64%
Ezrah
64%
Edgar
61%
Ezekiel
59%
Ezequiel
59%
Eduardo
57%
Eden
54%
Eiden
54%
Everett
54%
Emerson
53%
Easton
51%
Emanuel
45%
Emmanuel
45%
Enzo
45%
Eugene
42%
Emery
41%
Emilio
41%
Emory
41%
Enrique
38%
Ernesto
37%
Eren
32%
Esteban
32%
Edison
31%
Elian
29%
Elio
28%
Emiliano
28%
Everest
25%
Ephraim
24%
Enoch
20%
Emir
14%
Elisha
12%
Evander
9%
Eliel
5%
Eliam
4%
Eliezer
4%
Eliseo
3%
Ermias
3%
No matching quizzes found
Score Distribution
Percent of People with Each Score
Percentile by Number Answered
Your Score History
You have not taken this quiz